| Tag |
First Indicator |
Second Indicator |
Subfields |
| LEADER |
00000cam a2200000 a 4500 |
| 001 |
in00001362821 |
| 005 |
20151006094424.0 |
| 008 |
961105s1997 nyua b 101 0 eng |
| 010 |
|
|
|a 96048994
|
| 020 |
|
|
|a 1878822829 (alk. paper)
|
| 035 |
|
|
|a (OCoLC)36001264
|
| 035 |
|
|
|9 AHK2347AM
|
| 040 |
|
|
|a DLC
|c DLC
|d TXA
|d UtOrBLW
|
| 049 |
|
|
|a TXAM
|
| 050 |
0 |
0 |
|a U21.2
|b .W362 1997
|
| 082 |
0 |
0 |
|a 355.02/74
|2 21
|
| 245 |
0 |
0 |
|a War and ethnicity :
|b global connections and local violence /
|c edited by David Turton.
|
| 246 |
3 |
0 |
|a Global connections and local violence
|
| 264 |
|
1 |
|a Rochester, NY, USA :
|b University of Rochester Press ;
|a San Marino (R.S.M.) :
|b Center for Interdisciplinary Research on Social Stress,
|c 1997.
|
| 300 |
|
|
|a 270 pages :
|b illustrations ;
|c 25 cm.
|
| 336 |
|
|
|a text
|b txt
|2 rdacontent
|
| 337 |
|
|
|a unmediated
|b n
|2 rdamedia
|
| 338 |
|
|
|a volume
|b nc
|2 rdacarrier
|
| 490 |
1 |
|
|a Studies on the nature of war ;
|v v. 2
|
| 500 |
|
|
|a "Papers presented at the second conference on 'Studies on theNature of War' organized by the Center for Interdisciplinary research on social stress, which was held in San Marino from 20th March to 24th March 1994 under the auspices of the Department of Public Education and Culture of the Republic of San Marino"--Title page verso.
|
| 504 |
|
|
|a Includes bibliographical references and index.
|
| 650 |
|
0 |
|a War.
|
| 650 |
|
0 |
|a War and society.
|
| 650 |
|
0 |
|a Ethnic relations.
|
| 650 |
|
0 |
|a Culture conflict.
|
| 700 |
1 |
|
|a Turton, David.
|
| 830 |
|
0 |
|a Studies on the nature of war ;
|v v. 2.
|
| 999 |
|
|
|a MARS
|
| 999 |
f |
f |
|s 49295675-8778-3b05-afb0-35e0405350f8
|i 4d9b5925-9be9-3608-bd55-c0f002c589cd
|t 0
|
| 952 |
f |
f |
|p ric
|a Texas A&M University
|b Rellis Campus
|c Joint Library Facility
|d Remote Storage
|t 0
|e U21.2 .W362 1997
|h Library of Congress classification
|i unmediated -- volume
|m A14821171588
|
| 998 |
f |
f |
|a U21.2 .W362 1997
|t 0
|l Remote Storage
|